000 003390000a22001090004500
090 _aAS
_bSeriadas
245 1 0 _aNotas a la flora de Colombia, I
041 0 _aEspañol
100 1 _aCuatrecasas, José
_911935
942 _cARTICULO
773 1 _tRevista de la Academia Colombiana de Ciencias Exactas, Físicas y Naturales
_h11
_q247-250
_d1940
_g3
999 _c15483
_d15483